AN INTRODUCTION TO THYRISTORS AND THEIR APPLICATIONS (Record no. 567738)

000 -LEADER
fixed length control field 00303nam a22001217a 4500
020 ## - INTERNATIONAL STANDARD BOOK NUMBER
International Standard Book Number 81-85095-00-0
082 ## - DEWEY DECIMAL CLASSIFICATION NUMBER
Classification number 621.3815287 RAM'I
100 ## - MAIN ENTRY--PERSONAL NAME
Personal name RAMOMOORTY, M
9 (RLIN) 57461
245 ## - TITLE STATEMENT
Title AN INTRODUCTION TO THYRISTORS AND THEIR APPLICATIONS
260 ## - PUBLICATION, DISTRIBUTION, ETC.
Place of publication, distribution, etc. MADRAS
Name of publisher, distributor, etc. EWP
Date of publication, distribution, etc. 1977
300 ## - PHYSICAL DESCRIPTION
Extent 312P
942 ## - ADDED ENTRY ELEMENTS (KOHA)
Koha item type Book
Holdings
Withdrawn status Lost status Damaged status Not for loan Permanent Location Current Location Shelving location Date acquired Total Checkouts Full call number Barcode Date last seen Price effective from Koha item type
        College of Electrical & Mechanical Engineering (CEME) College of Electrical & Mechanical Engineering (CEME) General Stacks 07/13/2017   621.3815287 RAM'I CEME-24976 06/28/2021 06/28/2021 Book
© 2023 Central Library, National University of Sciences and Technology. All Rights Reserved.